載入...

Plasma, electron and laser beam technology

書目詳細資料
主要作者: Arata, Yoshiaki
格式: Printed Book
語言:English
出版: Ohio American Society for Metals c1986
主題:
LEADER 00582nam a22001697a 4500
005 20200810152614.0
008 100219t xxu||||| |||| 00| 0 eng d
082 |a 621.36/6  |b ARA 
100 |a Arata, Yoshiaki  |9 4507 
245 |a Plasma, electron and laser beam technology  |c [By] Yoshiaki Arata 
300 |a x,630p. 
653 |a Plasma lasers  |a Lasers 
942 |c BK  |6 _ 
260 |a Ohio  |b American Society for Metals  |c c1986 
020 |a 0871702541 
999 |c 212526  |d 212526 
952 |0 0  |1 0  |2 ddc  |4 0  |6 621366_ARA  |7 0  |9 270901  |a PHY  |b PHY  |d 2010-02-19  |o 621.36/6 ARA  |p PHY008664  |r 2010-02-19  |w 2010-02-19  |y BK